000 02918nab a2200337 i 4500
003 BR-BrBNA
005 20240822114646.0
008 240822b2018 bl.|r|pooa||| 00| 0 eng |
040 _aBR-BrBNA
_beng
072 _aL73
_b5120
100 _aBelli, C.B.
100 _aFonte, J.S.
100 _aTorres, L.N.
100 _aGondin, M.R.
100 _aMaiorka, P.C.
100 _aFernandes, C.B.
245 _aMammary botryomycosis: two concomitant cases in mares: case report
500 _aPublicação online; 12 ref.; 2 illus.; Summaries (En, Pt)
520 _a ABSTRACT - Mammary disorders in mares are rare and usually only one animal per paddock is affected. In this report, two mares with 7 and 9 years old, were concomitantly diagnosis of chronic pyogranulomatous mastitis, associated with the Splendore-Hoeppli reaction, indicative of botryomycosis a rare, chronic suppurative disease with microabscess formation, characterized by in vivo formation of eosinophilic materials around microorganisms or biologically inert material. Various bacteria can cause botryomycosis in horses, and the most frequently isolated one is Staphylococcus sp., particularly S. aureus. This report confirms the role of Staphylococcus sp.; however, specifically S. hyicus and S. cohnii that prior to the current report, had not been associated with cases of botryomycosis. Keywords: equine, mastitis, mammary gland, botryomycosis
520 _a RESUMO - Enfermidades mamárias em éguas são raras e, normalmente, apenas um animal é afetado. Neste relato, duas éguas, de sete e nove anos, foram diagnosticadas concomitantemente com mastite crônica piogranulomatosa, associada com reação de Splendore – Hoeppli, indicativa de botriomicose, uma doença crônica supurativa rara, com formação de microabscessos caracterizados pela presença de material eosinofílico em torno dos microrganismos ou de material biologicamente inerte. Várias bactérias podem causar botriomicose em cavalos, sendo Staphylococcus sp., particularmente S. aureus, as mais frequentemente isoladas. Este relato confirma o papel do Staphylococcus sp, no entanto este é o primeiro relato em que S. hyicus e S. cohnii foram identificados em lesões relacionadas à botriomicose. Palavras-chave: equino, mastite, glândula mamária, botriomicose
650 _aÉGUA
650 _aDOENÇA ANIMAL
650 _aMAMITE
650 _aGLÂNDULA MAMÁRIA
650 _aBACTÉRIA
650 _aVETERINÁRIA
773 0 _01643
_9317355
_dBelo Horizonte-MG Universidade Federal de Minas Gerais - Escola de Veterinaria 1983
_o2024-4007
_tArquivo Brasileiro de Medicina Veterinária e Zootecnia (Brazil)
_x0102-0935
_gv. 70(2) p. 342-346; (2018)
_wBR2024002309
856 _uhttps://www.scielo.br/j/abmvz/a/JJvCDCZgYmqFRFdRmJmNYNH/?format=pdf&lang=en
942 _cAnalítica
999 _c300987
_d300987